| 000 | 01016nam0a2200313 4500 | ||
|---|---|---|---|
| 001 | RU\NLR\bibl\829092 | ||
| 005 | 20260405170734.0 | ||
| 010 |
_a5-9555-0714-0 _910 000 |
||
| 021 |
_aRU _b2005-37842 _91882 |
||
| 035 | _a(NLR Aleph) 000817968 | ||
| 090 |
_a1282876 _c1282876 |
||
| 100 | _a20050808d2005 |||y0rusy50 ca | ||
| 101 | 0 | _arus | |
| 102 | _aRU | ||
| 105 | _aa ||||||||| | ||
| 200 | 1 |
_aКогда женщина одна в доме _fЛюдмила Белянская |
|
| 210 |
_aМосква _cДрофа-Плюс _d2005 |
||
| 215 |
_a332, [3] с. _cил. _d21 |
||
| 225 | 1 | _aДля дома и семьи | |
| 606 | 1 |
_aДомоводство _92080563 _3RU\NLR\auth\661256504 |
|
| 686 | _aМ79 | ||
| 700 | 1 |
_4070 _8rus _7ca _aБелянская _bЛ. Б. _f1954- _gЛюдмила Борисовна _3RU\NLR\auth\7772476 _955404 |
|
| 801 | 0 |
_aRU _bNLR _c20050808 _grcr |
|
| 801 | 1 |
_aRU _bNLR _c20050808 |
|
| 830 | _aАвт. по кн. | ||
| 942 | _cBOOK | ||
| 980 | _aNB | ||